Ecrire

Αποθηκεύτηκε σε:
Λεπτομέρειες βιβλιογραφικής εγγραφής
Κύριος συγγραφέας: Duras, Marguerite
Μορφή: Βιβλίο
Γλώσσα:French
Δημοσίευση: Paris : Gallimard, 1993
Σειρά:Collection Folio
Θέματα:
Ετικέτες: Προσθήκη ετικέτας
Δεν υπάρχουν, Καταχωρήστε ετικέτα πρώτοι!

MARC

LEADER 00000nam a2200000 i 4500
001 1/82573
008 980219s1993 fre d
020 |a 2-07-039376-3 
035 |a 1997  |b 3  |c Αγορά/Χριστοδουλίδου  |l 10033985 
040 |a GR-MY-UA  |b gre  |e aacr 
041 0 |a fre 
082 0 |a 843.914 
100 1 |a Duras, Marguerite. 
245 1 0 |a Ecrire /  |c Marguerite Duras 
260 |a Paris :   |b Gallimard,   |c 1993 
300 |a 123 p. 
490 1 |a Collection Folio  |v ; 2754 
650 0 0 |a French fiction  |y 20th century. 
830 0 |a Collection Folio 
852 |a INST  |b RHODES  |e 19980219  |h 843.914 DUR  |p 005400011117  |q 005400011117  |t BK  |y 0 
901 |a BIBL-1998-1 
909 |a Ρ  |b 052442  |c 1997